Регионална библиотека "Любен Каравелов" - Русе

Достойно ест (Запис номер 31693)

MARC детайли
000 -Лидер
Контролно поле с фиксирана дължина 01231nam a2200325 c 4500
003 - Код на организацията, давaща контролен номер
Контролно поле BLK
005 - Дата и час на последна редакция
Контролно поле 20220228143223.0
008 - Елементи от данни с фиксирана дължина
fixed length control field 180407b bul|||||r ||||||| ||bul||
010 ## - Наследен системен номер
LC control number KNG00034351000
020 ## - Международен стандартен номер на книга ISBN
Международен стандартен номер на книга ISBN 954-9548-21-Х
040 ## - Източник на каталожния запис
Идентификатор на билиотеката - собственик на записа BLK
041 ## - Код за език
Код за езика на текст/звукозапис или на отделно заглавие Български
Код за езика КДБФ Български
072 #7 - Код за тематичната категория
Код организация bullib
Код за тематична категория К
Текст Краезнание
072 #7 - Код за тематичната категория
Код организация bullib
Код за тематична категория РА
Текст Русенски автори
080 ## - УДК
Текстов определител УДК Българска литература
УДК код - определител по УДК 821.163.2
УДК определител -1
УДК - код + определител 821.163.2-1
100 1# - Редна дума - Автор
Автор Янева-Медникарова, Дора Стоянова
Авторска отговорност първи автор
R(LIN) 365173
139 ## - Редно поле
Редна дума Янева-Медникарова, Дора Стоянова
Авторски знак Яне - Я 54
245 10 - Сведения за заглавието
Заглавие Достойно ест
Подзаглавни данни Стихове
Редно поле (дума) Дора Стоянова Янева-Медникарова.
257 ## - Страна на издаване
Страна на създаване/издаване България
260 ## - Област на издателските данни
Име на издателя, разпространителя и проч. Авангард принт
Година на издаване 2000
300 ## - Физическа характеристика
Страници 24 с.
Размери/Мащаб 20 см
380 ## - Жанр
Жанр Худож. лит.
500 ## - Общи забележки
Забележка Съдържа и Уловени мигове / Комент. архим. В. Мутафов
659 ## - Тематичен бюлетин
Тематичен бюлетин К
852 ## - Местоположение
Форматна сигнатура Цб 206743
852 ## - Местоположение
Форматна сигнатура К 821.163.2/Я 54 Д
856 4# - Електронен адрес и достъп
Електронен формат pdf - файл
856 4# - Електронен адрес и достъп
Електронен формат pdf - файл
999 ## - СИСТЕМНИ КОНТРОЛНИ НОМЕРА
Koha biblionumber 31693
Koha biblioitemnumber 31693
942 ## - АРТИКУЛИ
Вид на библиотечния материал Книги
Скрит в OPAC Не
Периодичен библиозапис Да
944 ## - СЪЗДАВАНЕ И РЕДАКЦИЯ на ЗАПИСА
Създаване/Редакция Създаване
Дата на регистрацията/редакция 08.05.2003
Служител, извършил регистрацията/редакцията Наталия_Медовщикова
944 ## - СЪЗДАВАНЕ И РЕДАКЦИЯ на ЗАПИСА
Създаване/Редакция Редакция
Дата на регистрацията/редакция 10.04.2008
999 ## - СИСТЕМНИ КОНТРОЛНИ НОМЕРА
Koha biblioitemnumber 31693
999 ## - СИСТЕМНИ КОНТРОЛНИ НОМЕРА
Koha biblioitemnumber 31693
Наличности
Код за отписване Код за изгубен артикул Източник на класификационната схема Код за повреда Коз за рестрикции Код за отдаване Артикулен № Име на библиотеката - собственик Име на библиотеката, в която се намира в момента Статус (Текущо местоположение) Дата на вписване в системата Местоположение - отдел Цена в лева Инвентарен номер Систематично азбучна сигнатура Баркод Номер на екземпляра Цена в евро Служебна бележка Служебен тип на артикула
  Не е изгубен Universal Decimal Classification Не е повреден без рестрикции заемане за дома 50483 Регионална библиотека "Любен Каравелов" Русе Регионална библиотека "Любен Каравелов" Русе Заемна - подръчен фонд 2001-01-01 Заемна - подръчен фонд 2.00 660518 П 886.7-1/Я 54 120000660518 1 1.02 Дост: Pk Вид: Ф N: стар фонд Дата: 01.01.2001 Дата инв: 14.02.2018 Бележки инв: П2018 Книги
  Не е изгубен Universal Decimal Classification Не е повреден без рестрикции заемане за дома 50484 Регионална библиотека "Любен Каравелов" Русе Регионална библиотека "Любен Каравелов" Русе Заемна - подръчен фонд 2001-01-01 Заемна - подръчен фонд 2.00 660519 П 886.7-1/Я 54 120000660519 2 1.02 Дост: Pk Вид: Ф N: стар фонд Дата: 01.01.2001 Дата инв: 14.02.2018 Бележки инв: П2018 Книги
  Не е изгубен Universal Decimal Classification Не е повреден без рестрикции ползва се в читалня 50485 Регионална библиотека "Любен Каравелов" Русе Регионална библиотека "Любен Каравелов" Русе Краезнание 2001-01-01 Краезнание 2.00 660521 К 821.163.2/Я 54 Д 120000660521 3 1.02 Дост: Pk Вид: Ф N: стар фонд Дата: 01.01.2001 Дата инв: 16.11.2017 Бележки инв: К2017 Книги
  Не е изгубен Universal Decimal Classification Не е повреден само за читалня ползва се в читалня 50486 Регионална библиотека "Любен Каравелов" Русе Регионална библиотека "Любен Каравелов" Русе Хранилище 2001-01-01 Хранилище 0.00 663257 Цб 206743 120000663257 4 0.00 Дост: Dp Вид: Д N: 11 Дата: 01.01.2001 Книги
Vip Innovations Ltd, Rousse, Bulgaria 2025